| 000 | 00461nam a2200193Ia 4500 | ||
|---|---|---|---|
| 008 | 151121s9999||||xx |||||||||||||| ||und|| | ||
| 082 | _a796।35/Bar | ||
| 082 | _bHNW-38342 | ||
| 100 | _aBarker Ralph | ||
| 245 | _aTen Great Bowlers | ||
| 260 | _b"Chatto & Windus, London।" | ||
| 260 | _c-- | ||
| 300 | _a277 | ||
| 600 | _aBarker Ralph | ||
| 630 | _aTen Great Bowlers | ||
| 700 | _aBarker Ralph | ||
| 730 | _aTen Great Bowlers | ||
| 942 | _cBOOK | ||
| 999 |
_c1229205 _d1229202 |
||